Development of bonds market : (Record no. 1343)

MARC details
000 -LEADER
fixed length control field 00763nam a22002412 4500
001 - CONTROL NUMBER
control field 0000023468
005 - DATE AND TIME OF LATEST TRANSACTION
control field 20151021151147.0
008 - FIXED-LENGTH DATA ELEMENTS--GENERAL INFORMATION
fixed length control field 130118s xx 000 0 eng d
020 ## - INTERNATIONAL STANDARD BOOK NUMBER
International Standard Book Number 9966777431 :
040 ## - CATALOGING SOURCE
Original cataloging agency KABU
Transcribing agency KABU
100 1# - MAIN ENTRY--PERSONAL NAME
Personal name Mbwa, Martin.
-- 0000182880
245 10 - TITLE STATEMENT
Title Development of bonds market :
Remainder of title Kenya's experience /
Statement of responsibility, etc. Martin Mbewa, Rose Ngugi, Angela Kithinji.
250 ## - EDITION STATEMENT
Edition statement 1st ed.
260 ## - PUBLICATION, DISTRIBUTION, ETC. (IMPRINT)
Place of publication, distribution, etc. Nairobi :
Name of publisher, distributor, etc. KIPPRA,
Date of publication, distribution, etc. 2007.
300 ## - PHYSICAL DESCRIPTION
Extent v, 50 p.
650 #0 - SUBJECT ADDED ENTRY--TOPICAL TERM
Topical term or geographic name as entry element Bond market
Geographic subdivision Kenya.
-- 0000182881
650 #0 - SUBJECT ADDED ENTRY--TOPICAL TERM
Topical term or geographic name as entry element Capital market
Geographic subdivision Kenya.
-- 0000182882
700 1# - ADDED ENTRY--PERSONAL NAME
Personal name Ngugi, Rose.
-- 0000177993
700 1# - ADDED ENTRY--PERSONAL NAME
Personal name Kithinji, Angela.
-- 0000182883
908 ## - PUT COMMAND PARAMETER (RLIN)
Put command parameter 130118
950 ## - LOCAL HOLDINGS (RLIN)
-- 1
Holdings
Withdrawn status Lost status Source of classification or shelving scheme Not for loan Home library Current library Date acquired Total Checkouts Full call number Barcode Date last seen Price effective from Koha item type
    Library of Congress Classification   Kabarak, Main Campus Kabarak, Main Campus 17/12/2015   HG5843 .A3M39 2007 c. 1 014238 17/12/2015 17/12/2015 Africana Collection
    Library of Congress Classification   Kabarak, Nairobi City Campus Kabarak, Nairobi City Campus 21/10/2015   HG5843 .A3M39 2007 c. 1 014235 21/10/2015 21/10/2015 General Collection
    Library of Congress Classification   Kabarak, Nakuru City Campus Kabarak, Nakuru City Campus 21/10/2015   HG5843 .A3M39 2007 c. 1 014248 21/10/2015 21/10/2015 General Collection
Designed with assistance from East African Informatics Ltd